Visualizzazione normale
Vista MARC
- Filosofi di lingua francese. Generalità e filosofi fino al 1920
di Genre/Form Term
Records bibliografici associati: 2
001 - CONTROL NUMBER
- control field: 57242
003 - CONTROL NUMBER IDENTIFIER
- control field:
005 - DATE AND TIME OF LATEST TRANSACTION
- control field: 20180515110238.0
008 - FIXED-LENGTH DATA ELEMENTS
- fixed length control field: 180515|| aca||aabn | a|a d
040 ## - CATALOGING SOURCE
- Original cataloging agency:
- Transcribing agency:
155 ## - HEADING--GENRE/FORM TERM
- Genre/form term: Filosofi di lingua francese. Generalità e filosofi fino al 1920
- General subdivision: Filosofi del 1500 e del 1600: Descartes René, 1596-1650.
670 ## - SOURCE DATA FOUND
- Source citation: Work cat.: ()0: Descartes, René, 1596-1650. 57241, Opere: 1637-1649 /, ©2009.